000
00317nam a2200121Ia 4500
008
190722s9999 xx 000 0 und d
020
_a
978-93-5014-363-6
100
_a
M.L.Anand
245
0
_a
Electrical Measurements and Measuring instruments
260
_a
India
_b
Katson Books
_c
2015
300
_a
295
942
_c
BK
999
_c
1192
_d
1192